000 00381nam a22001217a 4500
003 OSt
008 250120b |||||||| |||| 00| 0 eng d
041 _aeng
100 _aWorld Energy Conference
_96968
245 _aDo: No:7 WG 7a High Quality Manufacture of Power Plant
260 _aNew Delhi:
_bOrganising Committe 12th Congress of the World Energy Conference,
_c1983.
942 _cBK
999 _c19078
_d19078